000 00258nam a2200109Ia 4500
008 190907s9999||||xx |||||||||||||| ||und||
100 _aBaron ,Robert A.
245 0 _aPsychology
260 _aIndia
_bOxford University Press
_c2013
300 _a668
942 _cBK
999 _c6278
_d6278